000 00657nam a2200205 i 4500
001 95285
003 ES-MaACL
007 t|
008 050525s1924 fr ||||1| fre d
100 1 _aLyman, Theodore.
_974931
245 1 2 _aL'ultra-violet /
_cpar Theodore Lyman; traduit par Mme. Mg. T. Riviere;...preface de M. Ch. Fabry.
260 _aParis :
_bFélix Alcan,
_c1924.
300 _aXXXI, 228 p. ;
_c19 cm.
490 1 _aNouvelle collection scientifique
700 1 _aRivière, Marguerite.
_997741
700 1 _aFabry, M. Ch.
_948583
830 0 _aNouvelle collection scientifique
_9183891
852 _aES-MaACL
_jB-6795
999 _c95285
_d95285